|
|
|
|
| LEADER |
00000nam2a2200000 4500 |
| 001 |
159863 |
| 005 |
20231101222138.0 |
| 010 |
|
|
|a 9785974700873
|
| 035 |
|
|
|a (RuTPU)RU\TPU\book\173379
|
| 090 |
|
|
|a 159863
|
| 100 |
|
|
|a 20090515d2007 k y0rusy50 ca
|
| 101 |
0 |
|
|a rus
|
| 102 |
|
|
|a RU
|
| 105 |
|
|
|a a z 001zy
|
| 200 |
0 |
|
|a Т. 5: Общественная география
|f под ред. П. Я. Бакланова; Л. М. Корытного
|
| 210 |
|
|
|d 2007
|
| 215 |
|
|
|a 374 с.
|c ил.
|
| 320 |
|
|
|a Библиогр.: с. 352-370.
|
| 330 |
|
|
|a Книга входит в серию коллективных монографий, посвященную 50-летию Института географии им. В.Б. Сочавы СО РАН. В ней обобщены результаты общественно-географических исследований Института с начала 1990-х гг: Рассмотрены актуальные в современных условиях теоретические и методические подходы, а также новые направления социально-экономической географии. Проведен географический анализ экономических и социальных процессов последнего периода в Сибири и в Иркутской области. Обсуждаются пути развития отечественной общественной географии. Книга представляет интерес для географов, экологов и других исследователей, работающих в области комплексного изучения и рационального использования природных ресурсов Земли.
|
| 461 |
|
1 |
|0 (RuTPU)RU\TPU\book\174025
|y 978-5-9747-0082-8
|t Географические исследования
|o в 5 т.
|f Российская академия наук (РАН), Сибирское отделение (СО), Институт географии им. В. Г. Сочавы (ИГ); под ред. А. Н. Антипова
|v Т. 5: Общественная география
|d 2007
|
| 606 |
1 |
|
|a Географические исследования
|2 stltpush
|3 (RuTPU)RU\TPU\subj\68113
|9 83643
|
| 606 |
1 |
|
|a Экономическая география
|y Азиатская часть
|y Сибирь
|2 stltpush
|3 (RuTPU)RU\TPU\subj\37367
|y Российская Федерация
|
| 610 |
1 |
|
|a география
|
| 610 |
1 |
|
|a Сибирь
|
| 610 |
1 |
|
|a социально-экономическая география
|
| 610 |
1 |
|
|a природные ресурсы
|
| 610 |
1 |
|
|a культурная география
|
| 610 |
1 |
|
|a геоэкономическое воспроизводство
|
| 610 |
1 |
|
|a сельская местность
|
| 610 |
1 |
|
|a полезные ископаемые
|
| 610 |
1 |
|
|a рациональное использование
|
| 610 |
1 |
|
|a депрессивные территории
|
| 610 |
1 |
|
|a индикативное планирование
|
| 610 |
1 |
|
|a геоинформационные технологии
|
| 610 |
1 |
|
|a антропоэкология
|
| 610 |
1 |
|
|a сельское хозяйство
|
| 610 |
1 |
|
|a Иркутская область
|
| 610 |
1 |
|
|a население
|
| 610 |
1 |
|
|a миграция
|
| 610 |
1 |
|
|a качество жизни
|
| 610 |
1 |
|
|a торговля
|
| 610 |
1 |
|
|a внешняя деятельность
|
| 675 |
|
|
|a 910(571.1/.5)
|v 3
|
| 675 |
|
|
|a 911.3(571.1/.5)
|v 3
|
| 702 |
|
1 |
|a Бакланов
|b П. Я.
|4 340
|
| 702 |
|
1 |
|a Корытный
|b Л. М.
|4 340
|
| 801 |
|
1 |
|a RU
|b 63413507
|c 20090515
|g PSBO
|
| 801 |
|
2 |
|a RU
|b 63413507
|c 20091201
|g PSBO
|
| 942 |
|
|
|c BK
|